Welcome to WEB OPAC of MRSPTU Central Library

Micro electronics (Record no. 498)

MARC details
000 -LEADER
fixed length control field 00402nam a2200157Ia 4500
008 - FIXED-LENGTH DATA ELEMENTS--GENERAL INFORMATION
fixed length control field 230711s9999||||xx |||||||||||||| ||und||
041 ## - LANGUAGE CODE
Language code of text/sound track or separate title ENG
082 ## - DEWEY DECIMAL CLASSIFICATION NUMBER
Classification number 621.381
Item number MI-M
100 ## - MAIN ENTRY--PERSONAL NAME
Personal name Millman,Jacob
245 #0 - TITLE STATEMENT
Title Micro electronics
250 ## - EDITION STATEMENT
Edition statement 2nd . . Ed.
260 ## - PUBLICATION, DISTRIBUTION, ETC.
Date of publication, distribution, etc. 2001
Place of publication, distribution, etc. New Delhi
Name of publisher, distributor, etc. Tata McGraw Hill Education Limited
650 ## - SUBJECT ADDED ENTRY--TOPICAL TERM
Topical term or geographic name entry element Electronics Engineering
700 ## - ADDED ENTRY--PERSONAL NAME
Personal name Grabel,Arvin
942 ## - ADDED ENTRY ELEMENTS (KOHA)
Koha item type Book
Holdings
Withdrawn status Lost status Damaged status Not for loan Collection Home library Current library Date acquired Total checkouts Full call number Barcode Date last seen Price effective from Koha item type
          MRSPTU Central Library MRSPTU Central Library     621.381 MI-M 2317 08/17/2023 08/17/2023 Book
          MRSPTU Central Library MRSPTU Central Library     621.381 MI-M 2318 08/17/2023 08/17/2023 Book
          MRSPTU Central Library MRSPTU Central Library     621.381 MI-M 2319 08/17/2023 08/17/2023 Book
          MRSPTU Central Library MRSPTU Central Library     621.381 MI-M 2320 08/17/2023 08/17/2023 Book
          MRSPTU Central Library MRSPTU Central Library     621.381 MI-M 2321 08/17/2023 08/17/2023 Book
          MRSPTU Central Library MRSPTU Central Library     621.381 MI-M 13126 08/17/2023 08/17/2023 Book
          MRSPTU Central Library MRSPTU Central Library     621.381 MI-M 13127 08/17/2023 08/17/2023 Book
          MRSPTU Central Library MRSPTU Central Library     621.381 MI-M 13128 08/17/2023 08/17/2023 Book
          MRSPTU Central Library MRSPTU Central Library     621.381 MI-M 13129 08/17/2023 08/17/2023 Book
          MRSPTU Central Library MRSPTU Central Library     621.381 MI-M 13130 08/17/2023 08/17/2023 Book
          MRSPTU Central Library MRSPTU Central Library     621.381 MI-M PBB2317 08/17/2023 08/17/2023 Book
          MRSPTU Central Library MRSPTU Central Library     621.381 MI-M PBB2318 08/17/2023 08/17/2023 Book
          MRSPTU Central Library MRSPTU Central Library     621.381 MI-M PBB2319 08/17/2023 08/17/2023 Book
          MRSPTU Central Library MRSPTU Central Library     621.381 MI-M PBB2320 08/17/2023 08/17/2023 Book
          MRSPTU Central Library MRSPTU Central Library     621.381 MI-M PBB2321 08/17/2023 08/17/2023 Book

Website Designed and Developed by MRSPTU Central Library Team

E-mail Id: librarian@mrsptu.ac.in